000
00268nam a2200097Ia 4500
082
_a
EKF YORK
245
0
_a
Ashley learns about strangers
100
_a
York, Sarah Mountbatten-Windsor New York, 2009
942
_c
BK
008
210817s9999 xx 000 0 und d
999
_c
311004
_d
311003